000 01265nam a2200337 a 4500
008 951031s1987||||[C 0 slo c
040 _aSNK
_bslo
_cSNK
_eAACR2
041 1 _aslo
044 _axo
_cSK
080 _a943.767.2-22
080 _a908.437.672
100 1 _4com
245 1 0 _cZost. Ferdinand Uličný ; Aut. Ľubica Cibuľková, Dušan Čaplovič, Mikuláš Lovacký, Martin Mešša, Martin Mihály, Imrich Michnovič, Jozef Petrovič, Ferdinand Uličný ; Graf. upr. Tatiana Tarhanovičová ; Aut. obál. Tatiana Tarhanovičová
_aTelesná výchova v materskej škole
260 _c1987
_eBanská Bystrica
_fTlačiarne BB, spol. s r.o.
_bSPN
_aBratislava
300 _a224 s.
_bFotogr., tab., lit. 179 zázn. v slov.
_c21 cm
490 0 _aURBS
500 _aIlustr. na front. a predsádkach
700 1 _aCibuľková, Ľubica
_4aut
700 1 _aČaplovič, Dušan
_4aut
700 1 _aLovacký, Mikuláš
_4aut
700 1 _aMešša, Martin
_4aut
700 1 _aMihály, Martin
_4aut
700 1 _aMichnovič, Imrich
_4aut
700 1 _aPetrovič, Jozef
_4aut
700 1 _aUličný, Ferdinand
_4aut
700 1 _aTarhanovičová, Tatiana
_4bkd
700 1 _aTarhanovičová, Tatiana
_4bjd
958 _aAMG
958 _aAZN
020 _c29
999 _c15293
_d15293